| LEADER | 00871cam a2200241 a 4500 | ||
|---|---|---|---|
| 001 | u450153 | ||
| 003 | SIRSI | ||
| 008 | 911205s1999 my t 00 1 eng m | ||
| 035 | |a ACI-7251 | ||
| 040 | |a UMM | ||
| 090 | |a QH302 |b UM 1999 Mahas | ||
| 100 | 0 | 0 | |a Mahmood Ammar Shanta. |
| 245 | 1 | 0 | |a Physiological and morphological responses of Acacia Mangium seedlings to different cycles of water stress / |c Mahmood B. Ammar Shanta. |
| 260 | |c 1999. | ||
| 300 | |a ix, 131 leaves : |b ill. ; |c 29 cm. | ||
| 502 | |a Dissertation (M.Sc) -- Institut Sains Biologi, Fakulti Sains, Universiti Malaya, 1999. | ||
| 504 | |a Bibliography : leaves 114-131. | ||
| 650 | 0 | |a Acacia. | |
| 650 | 0 | |a Mangium. | |
| 710 | 0 | |a Universiti Malaya. |b Institut Sains Biologi. | |
| 948 | |a 18/01/2000 |b 11/06/2002 | ||
| 596 | |a 1 | ||
| 999 | |a QH302 UM 1999 MAHAS |w LC |c 1 |i A510031931 |l STACKS |m P01UTAMA |r Y |s Y |t TESIS |u 23/1/2001 | ||
